Statistics for 日语对一周七天的叫法 Japanese names for the seven days of the week

Click here to take the quiz!

General Stats

  • This quiz has been taken 39 times
  • The average score is 5 of 7

Answer Stats

HintAnswer% Correct
星期日日曜日
93%
星期一月曜日
67%
星期三水曜日
67%
星期六土曜日
67%
星期四木曜日
60%
星期五金曜日
57%
星期二火曜日
50%

Score Distribution

Percentile by Number Answered

Percent of People with Each Score

Your Score History

You have not taken this quiz